| 000 | 01050cam a22002895a 4500 | ||
|---|---|---|---|
| 003 | EG-ScBUE | ||
| 005 | 20220607095320.0 | ||
| 008 | 100202s2005 enka f 000 0 eng d | ||
| 020 | _a1405010576 (Student's book) | ||
| 020 | _a9781405010573 (Student's book) | ||
| 040 |
_aEG-ScBUE _beng _erda _cEG-ScBUE _dEG-ScBUE |
||
| 082 | 0 | 4 |
_a428.24076 _bKER _222 |
| 100 | 1 |
_aKerr, Philip, _d1959- _eauthor. _910862 |
|
| 245 | 1 | 0 |
_aStraightforward : _bpre-intermediate, _pStudent's book / _cPhilip Kerr. |
| 246 | 3 | 0 | _aStudent's book |
| 264 | 1 |
_aOxford : _bMacmillan Education, _c2005. |
|
| 300 |
_a159 pages : _bcolor illustrations ; _c29 cm |
||
| 336 |
_2rdacontent _atext _btxt |
||
| 337 |
_2rdamedia _aunmediated _bn |
||
| 338 |
_2rdacarrier _avolume _bnc |
||
| 521 | _aLevel A2 and guides student into Level B1. | ||
| 650 | 7 |
_aEnglish language _xExaminations, questions, etc. _2BUEsh |
|
| 650 | 7 |
_aEnglish language _xExaminations _vStudy guides. _2BUEsh _93373 |
|
| 653 |
_bHHUUEENN _cAugust2015 _cOctober2018 |
||
| 655 |
_vReading book _934232 |
||
| 942 |
_2ddc _cBB |
||
| 999 |
_c178 _d178 |
||